LEADER 01115nam1 2200325 450 001 000034041 005 20130426125341.0 100 $a20121214d2007----km-y0itaa50------ba 101 0 $alat$aita 102 $aIT 200 1 $aOpere Politiche e filosofiche$fdi M. Tullio Cicerone 210 $aTorino$cUnione Tipografico-Editrice Torinese$d2007 215 $aVolumi$cill.$d24 cm 225 2 $aClassici latini$v3 410 0$12001$aClassici latini$v3 463 \1$1001000034042$12001 $aDe Natura deorum$aDe senectute$aDe amicitia 676 $a188$v(22. ed.)$9Filosofia stoica 700 1$aCicero,$bMarcus Tullius$082411 801 0$aIT$bUniversità della Basilicata - B.I.A.$gREICAT$2unimarc 912 $a000034041 996 $aOpere Politiche e filosofiche$996542 997 $aUNIBAS BAS $aLETTERE CAT $aSTD081$b01$c20121214$lBAS01$h1016 CAT $aSTD081$b01$c20121214$lBAS01$h1018 CAT $aSTD081$b01$c20121214$lBAS01$h1025 CAT $aEXT014$b01$c20130426$lBAS01$h1117 CAT $aEXT014$b01$c20130426$lBAS01$h1201 CAT $aEXT014$b01$c20130426$lBAS01$h1253 FMT LEADER 01184nam 2200385 450 001 9910480148903321 010 $a1-5275-0913-3 035 $a(CKB)4340000000265325 035 $a(MiAaPQ)EBC5351379 035 $a(EXLCZ)994340000000265325 100 $a20180531d2018 uy 0 101 0 $aeng 135 $aurcnu|||||||| 181 $ctxt$2rdacontent 182 $cc$2rdamedia 183 $acr$2rdacarrier 200 10$aControllability of dynamic systems $ethe Green's function approach /$fby Ara S. Avetisyan, Asatur Zh. Khurshudyan 210 1$aNewcastle upon Tyne, UK :$cCambridge Scholars Publishing,$d2018. 215 $a1 online resource (xix, 194 pages) $cillustrations 311 $a1-5275-0892-7 606 $aControl theory 606 $aGreen's functions 608 $aElectronic books. 615 0$aControl theory. 615 0$aGreen's functions. 676 $a629.8312 700 $aAvetisyan$b Ara S.$0997653 702 $aKhurshudyan$b Zh$g(Zhora), 801 0$bMiAaPQ 801 1$bMiAaPQ 801 2$bMiAaPQ 906 $aBOOK 912 $a9910480148903321 996 $aControllability of dynamic systems$92287978 997 $aUNINA